The royal society of science in the state and in the school (Record no. 1172)

MARC details
000 -LEADER
fixed length control field 00537nam a2200169Ia 4500
003 - CONTROL NUMBER IDENTIFIER
control field IN-BaIIA
008 - FIXED-LENGTH DATA ELEMENTS--GENERAL INFORMATION
fixed length control field 211028s9999 xx 000 0 eng d
040 ## - CATALOGING SOURCE
Transcribing agency IIA Library
080 ## - UNIVERSAL DECIMAL CLASSIFICATION NUMBER
Universal Decimal Classification number 62.1
Item number HUG
100 ## - MAIN ENTRY--PERSONAL NAME
Personal name Huggins, William
9 (RLIN) 2459
245 #4 - TITLE STATEMENT
Title The royal society of science in the state and in the school
Statement of responsibility, etc. William Huggins
260 ## - PUBLICATION, DISTRIBUTION, ETC.
Place of publication, distribution, etc. London
Name of publisher, distributor, etc. Methuen
Date of publication, distribution, etc. 1906
300 ## - PHYSICAL DESCRIPTION
Extent xv, 131p.
650 ## - SUBJECT ADDED ENTRY--TOPICAL TERM
Topical term or geographic name entry element Astronomy and Astrophysics thesaurus
650 ## - SUBJECT ADDED ENTRY--TOPICAL TERM
Topical term or geographic name entry element History-Royal Society
9 (RLIN) 2460
942 ## - ADDED ENTRY ELEMENTS (KOHA)
Koha item type Books
Holdings
Withdrawn status Lost status Damaged status Not for loan Home library Current library Shelving location Date acquired Total Checkouts Full call number Barcode Date last seen Price effective from Koha item type
        IIA Library-Bangalore IIA Library-Bangalore General Stacks     062.1/ HUG 1237 05/11/2021   Books

Powered by Koha